<?xml version="1.0" encoding="UTF-8"?><?xml-stylesheet type="text/xsl" href="static/style.xsl"?><OAI-PMH xmlns="http://www.openarchives.org/OAI/2.0/" xmlns:xsi="http://www.w3.org/2001/XMLSchema-instance" xsi:schemaLocation="http://www.openarchives.org/OAI/2.0/ http://www.openarchives.org/OAI/2.0/OAI-PMH.xsd"><responseDate>2026-04-26T07:15:35Z</responseDate><request verb="GetRecord" identifier="oai:uvadoc.uva.es:10324/31488" metadataPrefix="marc">https://uvadoc.uva.es/oai/request</request><GetRecord><record><header><identifier>oai:uvadoc.uva.es:10324/31488</identifier><datestamp>2021-06-29T21:43:00Z</datestamp><setSpec>com_10324_38</setSpec><setSpec>col_10324_852</setSpec></header><metadata><record xmlns="http://www.loc.gov/MARC21/slim" xmlns:doc="http://www.lyncode.com/xoai" xmlns:xsi="http://www.w3.org/2001/XMLSchema-instance" xmlns:dcterms="http://purl.org/dc/terms/" xsi:schemaLocation="http://www.loc.gov/MARC21/slim http://www.loc.gov/standards/marcxml/schema/MARC21slim.xsd">
<leader>00925njm 22002777a 4500</leader>
<datafield tag="042" ind1=" " ind2=" ">
<subfield code="a">dc</subfield>
</datafield>
<datafield tag="720" ind1=" " ind2=" ">
<subfield code="a">Martín Rodríguez, David</subfield>
<subfield code="e">author</subfield>
</datafield>
<datafield tag="260" ind1=" " ind2=" ">
<subfield code="c">2018</subfield>
</datafield>
<datafield tag="520" ind1=" " ind2=" ">
<subfield code="a">El siguiente trabajo se encuentra dentro de un proyecto docente que busca&#xd;
aportar una cierta carga práctica de simulación a la asignatura Diseño de&#xd;
Máquinas. La Universidad de Valladolid se encuentra dentro del EESS (Espacio&#xd;
Europeo de Educación Superior) donde la mayoría de las asignaturas equivalentes&#xd;
a Diseño de Máquinas ya cuentan con una carga práctica.&#xd;
Este proyecto docente se inició el año pasado con dos TFG [1-2] donde se estudió&#xd;
como realizar análisis estáticos con Catia. En este trabajo, se va realizar una&#xd;
continuación de los anteriores trabajos, de manera que se va a comparar Catia con&#xd;
otros programas, que permiten hacer análisis estáticos, como SolidWorks y&#xd;
FreeCAD. Se incluirá una guía de usuario para los tres programas, así como una&#xd;
comparativa entre los tres que acabará conduciendo a la elección del programa&#xd;
más idóneo para utilizar en la futura carga práctica.</subfield>
</datafield>
<datafield tag="024" ind2=" " ind1="8">
<subfield code="a">http://uvadoc.uva.es/handle/10324/31488</subfield>
</datafield>
<datafield ind1=" " ind2=" " tag="653">
<subfield code="a">Universidad de Valladolid - Escuela de Ingenierías Industriales</subfield>
</datafield>
<datafield ind1=" " ind2=" " tag="653">
<subfield code="a">Máquinas - Diseño - Estudio y enseñanza (Superior)</subfield>
</datafield>
<datafield tag="245" ind1="0" ind2="0">
<subfield code="a">Comparativa de programas para el análisis estático</subfield>
</datafield>
</record></metadata></record></GetRecord></OAI-PMH>